00247nam a22000977a 4500082001900000100001800019245005800037260003000095300000900125650001500134 aPKP A7x54 K529 aKhullar, D.R  aIndia: bA comprehensive geography cby D.R. Khullar  aNew DelhibKalyani c2005 av.p. aGeography